[Event "Tournoi n27337"]
[Site "www.echecsemail.com"]
[Date "2026.01.24"]
[Round "1"]
[White "Kiki37"]
[Black "Titit1"]
[WhiteElo "1350"]
[BlackElo "1490"]
[Result "0-1"]
1.d4 d5
2.Ng1f3 Nb8c6
3.e3 Bc8f5
4.Nb1c3 Nc6b4
5.Bf1d3 Bf5g4
6.O-O Ng8f6
7.h3 Bg4d7
8.a4 Nb4xd3
9.Qd1xd3 e6
10.b3 Bf8e7
11.e4 c6
12.e5 Nf6h5
13.Bc1d2 O-O
14.Nc3e2 Qd8c7
15.c4 c5
16.cxd5 exd5
17.dxc5 Be7xc5
18.Qd3xd5 Ra8d8
19.Qd5e4 Bd7c6
20.Qe4h4 Bc6xf3
21.gxf3 g6
22.Bd2g5 Rd8d2
23.Qh4e4 Rf8e8
24.Bg5xd2 Re8xe5
25.Qe4d3 Bc5d6
26.f4 Re5c5
27.Bd2e3 Rc5c6
28.Ne2d4 Rc6c3
29.Qd3b5 a6
30.Qb5e2 Kg7
31.f5 Bd6h2
32.Kh1 Bh2d6
33.fxg6 hxg6
34.f3 Nh5g3
35.Kg2 Ng3xe2
36.Be3d2 Ne2f4
37.Bd2xf4 Bd6xf4
38.Nd4e2 Rc3c2
39.Rf1e1 Bf4h2
40.Kf2 Qc7g3
41.Ke3 Qg3e5
42.Kf2 Bh2g3
43.Kg2 Bg3xe1
44.Ra1xe1 Rc2xe2
45.Re1xe2 Qe5xe2
46.Kg3 Qe2b2
47.h4 Qb2xb3
48.Kg4 Qb3xa4
49.f4 Qa4d7
50.Kg5 a5
51.h5 gxh5
52.Kxh5 Qd7f5
53.Kh4 Qf5xf4
54.Kh3 Kg6
55.Kg2 Kg5
56.Kg1 Kg4
57.Kg2 Qf4g3
58.Kf1 Kh3
59.Ke2 a4
60.Kd2 Qg3b3
61.Ke2 Kg3
62.Ke1 Qb3c2
63.Kf1 Qc2f2
0-1

[Event "Défi( 10J+24H/c 10J Max )"]
[Site "www.echecsemail.com"]
[Date "2026.01.24"]
[Round "1"]
[White "Rescator"]
[Black "Titit1"]
[WhiteElo "1470"]
[BlackElo "1440"]
[Result "0-1"]
1.e4 Ng8f6
2.f3 e5
3.a3 d5
4.d3 d4
5.Bc1g5 h6
6.Bg5xf6 Qd8xf6
7.c4 dxc3
8.Nb1xc3 Nb8c6
9.Nc3d5 Qf6d6
10.Ng1e2 Bc8d7
11.Ne2c3 a6
12.Qd1b3 b5
13.h3 Nc6e7
14.g4 Ne7g6
15.h4 Ng6f4
16.Rh1h2 Qd6c5
17.Nc3d1 Ra8c8
18.Ra1c1 Qc5g1
19.Rc1xc7 Qg1xh2
20.Rc7xc8 Bd7xc8
21.Nd5c7 Ke7
22.Nc7d5 Kd8
23.Nd5xf4 exf4
24.Qb3d5 Kc7
25.Qd5a8 Bf8c5
26.Qa8d5 Qh2g3
27.Kd2 Bc5b6
28.Qd5xf7 Kb8
29.Qf7xg7 Rh8d8
30.Qg7xh6 Qg3xf3
31.Bf1e2 Bb6e3
32.Ke1 Qf3h1
33.Be2f1 Rd8xd3
34.Nd1xe3 Rd3xe3
35.Kd2 Qh1xf1
36.Qh6b6 Bc8b7
37.Qb6d6 Ka8
38.Qd6d8 Ka7
39.Qd8d7 Qf1e1
40.Kc2 Qe1e2
41.Kb1 Re3xe4
42.Ka2 Qe2c4
43.Kb1 Re4e1
44.Qd7d1 Re1xd1
0-1

[Event "Tournoi n27379"]
[Site "www.echecsemail.com"]
[Date "2026.01.24"]
[Round "1"]
[White "Wenoketo"]
[Black "Nogean"]
[WhiteElo "1640"]
[BlackElo "1660"]
[Result "1-0"]
1.d4 Ng8f6
2.Ng1f3 d6
3.Bc1f4 c5
4.dxc5 Qd8a5
5.Bf4d2 Qa5xc5
6.e3 g6
7.Bf1e2 Bf8g7
8.Bd2c3 O-O
9.O-O Qc5b6
10.Qd1c1 Nb8d7
11.Rf1d1 Nd7c5
12.Nf3d4 Nf6e4
13.Bc3e1 Qb6c7
14.Nd4b5 Qc7d7
15.Nb5c3 a6
16.Nc3xe4 Nc5xe4
17.Be2f3 Ne4f6
18.Nb1c3 Ra8b8
19.a3 b5
20.e4 Bc8b7
21.e5 Bb7xf3
22.gxf3 Nf6e8
23.exd6 Ne8xd6
24.Nc3e4 Qd7c6
25.Ne4xd6 exd6
26.Rd1d3 Rf8e8
27.Ra1b1 Re8e6
28.Be1c3 Rb8e8
29.Rd3d1 Bg7xc3
30.bxc3 Qc6xf3
31.Qc1h6 Qf3xc3
32.Rd1d2 Qc3xa3
33.Rb1d1 Qa3c5
34.Rd2d5 Qc5c4
35.Rd1d4 Qc4e2
36.Rd5xd6 Re6xd6
37.Rd4xd6 Qe2g4
38.Kf1 Re8e6
39.Rd6d8 { abandon }1-0

[Event "Défi"]
[Site "www.echecsemail.com"]
[Date "2026.01.24"]
[Round "1"]
[White "Katastrofic"]
[Black "Lecevenol"]
[WhiteElo "1410"]
[BlackElo "1260"]
[Result "0-1"]
1.e4 e5
2.Bf1c4 Qd8f6
3.h3 d6
4.Ng1f3 Bc8e6
5.Bc4xe6 fxe6
6.d3 Ng8e7
7.O-O g6
8.Bc1g5 Qf6f7
9.c4 h6
10.Bg5xe7 Bf8xe7
11.b4 O-O
12.a4 Nb8c6
13.b5 Nc6d8
14.c5 Qf7f4
15.Qd1d2 dxc5
16.Qd2xf4 Rf8xf4
17.Nb1d2 b6
18.Nd2c4 Nd8b7
19.Nc4xe5 Kg7
20.Ra1d1 Be7d6
21.Ne5g4 h5
22.Nf3e5 hxg4
23.Ne5xg4 Nb7a5
24.e5 Bd6e7
25.Rf1e1 Rf4xa4
26.Rd1a1 Ra4b4
27.Ra1b1 Rb4b3
28.Rb1xb3 Na5xb3
29.Re1d1 a5
30.f4 Nb3d4
31.Rd1a1 Nd4e2
32.Kf2 Ne2xf4
33.Ra1d1 Ra8d8
34.Kf3 Nf4d5
35.g3 Be7g5
36.h4 Nd5c3
37.Rd1a1 Rd8xd3
38.Kg2 Nc3xb5
{ abandon }0-1

[Event "Tournoi n27393"]
[Site "www.echecsemail.com"]
[Date "2026.01.24"]
[Round "1"]
[White "Desaintfegor"]
[Black "Geantvert"]
[WhiteElo "1810"]
[BlackElo "1840"]
[Result "0-1"]
1.d4 f5
2.c4 Ng8f6
3.Nb1c3 b6
4.Ng1f3 Bc8b7
5.e3 e6
6.b3 Bf8e7
7.g3 O-O
8.Bf1g2 Nb8a6
9.O-O d6
10.Bc1b2 c5
11.Rf1e1 d5
12.cxd5 Nf6xd5
13.Qd1d2 cxd4
14.Nf3xd4 Na6c7
15.Re1d1 Ra8b8
16.e4 Nd5xc3
17.Qd2xc3 Be7f6
18.Qc3d2 Bb7xe4
19.Bg2xe4 fxe4
20.Nd4c6 Qd8xd2
21.Rd1xd2 Bf6xb2
22.Ra1d1 Bb2c3
23.Rd2d7 Nc7d5
24.Nc6xb8 Rf8xb8
25.Rd7xa7 b5
26.a3 Rb8b6
27.Kf1 h6
28.Ke2 Kh7
29.f3 e3
30.f4 Bc3d2
31.Rd1xd2 exd2
32.Kxd2 Kg6
33.Kd3 Kf6
34.b4 Rb6d6
35.Ke4 Nd5c3
36.Kf3 Rd6d3
37.Kg4 g6
38.Ra7a6 Rd3d2
39.h4 h5
40.Kf3 Rd2d3
41.Kg2 Nc3e4
42.Ra6b6 Rd3xg3
43.Kh2 Rg3xa3
44.Rb6xb5 Ra3b3
45.Rb5b6 Ne4c3
46.Rb6b8 Nc3d5
47.Rb8f8 Kg7
48.Rf8e8 Rb3xb4
49.Re8xe6 Nd5xf4
50.Re6a6 Nf4d5
51.Ra6d6 Nd5e3
52.Rd6d7 Kh6
53.Rd7f7 Ne3f5
{ abandon }0-1

[Event "Défi"]
[Site "www.echecsemail.com"]
[Date "2026.01.24"]
[Round "1"]
[White "Katastrofic"]
[Black "Baloo"]
[WhiteElo "1440"]
[BlackElo "1470"]
[Result "0-1"]
1.e4 e5
2.Bf1c4 Qd8e7
3.h3 Ng8f6
4.d3 Nb8c6
5.a3 Nc6a5
6.Bc4a2 c6
7.Bc1d2 b6
8.Bd2xa5 bxa5
9.c4 c5
10.Ng1f3 d6
11.O-O Qe7b7
12.b3 Bf8e7
13.Nb1c3 O-O
14.Ba2b1 Bc8e6
15.Bb1c2 Qb7d7
16.Qd1d2 Be6xh3
17.Nf3g5 Bh3e6
18.f4 Nf6g4
19.fxe5 Ng4xe5
20.Nc3e2 Be7xg5
21.Qd2d1 Be6g4
22.Qd1e1 Ra8b8
23.Ne2g3 g6
24.Bc2d1 Bg4e6
25.Qe1e2 Be6g4
26.Qe2c2 Bg5f6
27.Rf1xf6 Qd7e7
28.Qc2f2 Bg4d7
29.Bd1c2 Ne5g4
30.Qf2f4 Ng4xf6
31.Ra1e1 Rf8e8
32.e5 dxe5
33.Qf4d2 Qe7d8
34.Re1e3 Rb8b7
35.a4 Nf6g4
36.Re3f3 Bd7c6
37.Ng3e4 Rb7e7
38.Rf3g3 Bc6d7
39.Ne4xc5 Bd7c8
40.Bc2d1 Ng4f6
41.Qd2c3 Nf6d7
42.Nc5e4 Qd8c7
43.Bd1g4 Nd7c5
44.Ne4f6 Kf8
45.Nf6xe8 Re7xe8
46.Bg4xc8 Qc7xc8
47.Rg3e3 Nc5d7
48.Qc3xa5 Nd7c5
49.d4 exd4
50.Re3xe8 Kxe8
51.Qa5b5 Kf8
52.a5 Kg7
53.Qb5b4 d3
54.Qb4c3 Kg8
55.b4 Nc5a6
56.b5 Na6c5
57.b6 axb6
58.axb6 Qc8d7
{ abandon }0-1

[Event "Défi"]
[Site "www.echecsemail.com"]
[Date "2026.01.24"]
[Round "1"]
[White "Payne42"]
[Black "Vvvv"]
[WhiteElo "1720"]
[BlackElo "1680"]
[Result "1-0"]
1.f4 b6
2.Ng1f3 Bc8b7
3.e3 e6
4.b3 d5
5.Bc1b2 Nb8d7
6.Bf1b5 c6
7.Bb5e2 f6
8.O-O Bf8d6
9.Qd1e1 Ng8e7
10.Qe1g3 Ne7g6
11.Be2d3 f5
12.h4 Qd8c7
13.Bb2xg7 Rh8g8
14.Bg7h6 Ng6e7
15.Qg3h3 O-O-O
16.Kf2 Nd7f6
17.Bh6g5 Nf6g4
18.Ke2 Rd8d7
19.h5 Kb8
20.Nf3d4 Ng4xe3
21.dxe3 Bd6xf4
22.exf4 Rg8xg5
23.fxg5 Qc7e5
24.Qh3e3 { abandon }1-0

[Event "1301"]
[Site "www.echecsemail.com"]
[Date "2026.01.24"]
[Round "1"]
[White "Turbo"]
[Black "Qsdmlk"]
[WhiteElo "1300"]
[BlackElo "1530"]
[Result "0-1"]
1.e4 e5
2.Ng1f3 Nb8c6
3.Bf1c4 h6
4.O-O Bf8c5
5.d3 Ng8f6
6.Bc4b5 O-O
7.h3 d6
8.c4 a6
9.Bb5a4 Bc8d7
10.Ba4c2 b5
11.cxb5 axb5
12.b3 Nc6d4
13.Nf3xd4 Bc5xd4
14.Qd1f3 Bd4xa1
15.Bc1d2 Ra8xa2
16.Bc2d1 Ba1d4
17.Bd2c3 Bd4xc3
18.Nb1xc3 Ra2a8
19.b4 Bd7c6
20.Bd1c2 Ra8a3
21.Nc3b1 Ra3a2
22.Bc2b3 Ra2b2
23.Bb3d5 Nf6xd5
24.exd5 Bc6b7
25.Qf3d1 Bb7xd5
26.Qd1e1 Qd8f6
27.Qe1c1 Qf6g6
28.g3 Qg6xd3
29.Qc1d1 Qd3e4
30.f3 Qe4e3
31.Kh1 e4
32.Qd1xd5 exf3
33.h4 f2
34.Kh2 Qe3e1
35.Qd5d3 Rf8e8
36.Kh3 Rb2e2
37.Rf1xe1 fxe1Q
38.Nb1c3 Re2e3
39.Qd3h7 Kf8
40.Nc3e4 Qe1f1
41.Kg4 Re3xe4
{ abandon }0-1

[Event "Tournoi n27309"]
[Site "www.echecsemail.com"]
[Date "2026.01.24"]
[Round "1"]
[White "Jlr"]
[Black "Katastrofic"]
[WhiteElo "1360"]
[BlackElo "1450"]
[Result "1-0"]
1.e4 e5
2.d3 d6
3.Nb1c3 Bf8e7
4.h3 Ng8f6
5.g4 h6
6.h4 O-O
7.f3 d5
8.g5 Nf6h7
9.exd5 h5
10.Nc3e4 g6
11.f4 exf4
12.Bc1xf4 Bc8f5
13.Ne4f6 Nh7xf6
14.gxf6 Be7xf6
15.Bf1g2 Rf8e8
16.Ng1e2 Bf6xh4
17.Kd2 Bh4f6
18.c4 Nb8a6
19.Qd1b3 Na6c5
20.Qb3b5 b6
21.Qb5c6 Bf6e5
22.Bf4xe5 Re8xe5
23.Ne2d4 Bf5xd3
24.Kc3 Re5e3
25.Kd2 Qd8g5
26.Qc6xa8 Kg7
27.Kc3 Qg5xg2
28.Ra1g1 Bd3e4
29.Kb4 Qg2xb2
30.Nd4b3 Re3xb3
31.axb3 a5
32.Kb5 Qb2xb3
33.Kc6 Qb3a4
34.Kxc7 Nc5e6
35.Kxb6 Qa4xc4
36.Qa8xa5 Be4xd5
37.Rh1h2 Qc4c7
38.Kb5 Qc7c5
39.Ka6 Bd5b7
40.Kxb7 Qc5xg1
41.Qa5e5 Kh7
42.Kc8 Qg1c5
43.Qe5xc5 Ne6xc5
44.Rh2f2 f5
45.Kd8 Kh6
46.Ke7 Nc5e4
47.Rf2b2 h4
48.Kf7 g5
49.Rb2b6 Kh5
50.Rb6e6 h3
51.Kg7 Kg4
52.Re6c6 h2
53.Rc6c1 Kg3
54.Kg6 f4
55.Kf5 Kg2
56.Kxe4 h1Q
57.Rc1xh1 f3
58.Rh1d1 g4
59.Kf4 g3
60.Ke3 f2
61.Ke2 Kh2
62.Kf1 Kh3
63.Rd1d5 Kg4
64.Kg2 Kf4
65.Rd5d4 Ke3
66.Rd4g4 Ke2
67.Rg4e4 Kd3
68.Re4f4 Ke3
69.Kxg3 { abandon }1-0

[Event "Défi( 10J+24H/c 10J Max )"]
[Site "www.echecsemail.com"]
[Date "2026.01.24"]
[Round "1"]
[White "Tootsienet"]
[Black "Anumisme"]
[WhiteElo "1090"]
[BlackElo "1100"]
[Result "0-1"]
1.e4 e5
2.d4 d6
3.Bf1c4 Qd8f6
4.Qd1e2 g6
5.Ng1f3 exd4
6.O-O Bc8e6
7.Bc4b5 c6
8.Bb5d3 Bf8g7
9.Rf1d1 Be6g4
10.Bd3c4 Ng8e7
11.Qe2d3 c5
12.Rd1e1 a6
13.Nb1d2 Nb8c6
14.b4 Nc6xb4
15.Qd3e2 Nb4xc2
16.Ra1b1 O-O-O
17.Re1d1 b5
18.Bc4d5 Nc2b4
19.Bd5b3 d3
20.Qe2e3 Kc7
21.Nd2c4 bxc4
22.Bb3xc4 h5
23.e5 dxe5
24.Rd1d2 Ne7c6
25.Nf3g5 Bg7h6
26.Qe3g3 Bh6xg5
27.Rd2b2 Nc6a5
28.Bc4xf7 Bg5f4
29.Bc1xf4 exf4
30.h3 Na5c4
31.Rb2b3 Qf6xf7
32.Qg3h4 d2
33.Kh2 Bg4f5
34.Qh4g5 Kb6
35.Rb1d1 a5
36.Qg5xf4 Kb5
37.Rb3c3 a4
38.a3 Nb4d5
39.Qf4f3 Nd5xc3
40.Qf3xc3 Rd8d3
41.Rd1b1 Kc6
42.Qc3c1 Nc4xa3
43.Rb1b2 d1Q
44.Qc1f4 Na3b1
45.h4 Nb1d2
46.Qf4g5 Nd2f1
47.Kg1 Nf1e3
48.Kh2 Qd1f1
49.Qg5f4 Ne3d5
50.Qf4xa4 Kd6
51.Qa4a6 Ke7
52.Qa6a7 Kf6
53.Qa7a6 Ke5
54.Qa6c4 Rh8c8
55.Qc4a2 Qf7f6
56.Qa2a4 Bf5e4
57.Qa4d7 Qf1xg2
0-1

[Event "Eq:Pirates du Mat-Les Rois du Succes :"]
[Site "www.echecsemail.com"]
[Date "2026.01.24"]
[Round "1"]
[White "Rons"]
[Black "Rackam"]
[WhiteElo "2580"]
[BlackElo "2040"]
[Result "1-0"]
1.e4 c5
2.Ng1f3 d6
3.d4 cxd4
4.Nf3xd4 Ng8f6
5.Nb1c3 a6
6.f4 g6
7.Nd4f3 Qd8c7
8.e5 dxe5
9.fxe5 Nf6g4
10.Bc1f4 f6
11.Nc3d5 Qc7c5
12.Qd1d4 Qc5xd4
13.Nf3xd4 fxe5
14.Bf4xe5 Ng4xe5
15.Nd5c7 Kf7
16.Nc7xa8 Bf8g7
17.c3 Nb8c6
18.Nd4xc6 Ne5xc6
19.Bf1c4 Bc8e6
20.Rh1f1 Bg7f6
21.Bc4xe6 Kxe6
22.Na8b6 Rh8d8
23.h3 Nc6e5
24.Ra1d1 Rd8xd1
25.Kxd1 Kd6
26.b3 Kc5
27.Nb6c8 Ne5c6
28.Kc2 b5
29.a3 a5
30.Rf1c1 b4
31.cxb4 axb4
32.Kd1 Kd5
33.axb4 Nc6xb4
34.Nc8b6 Ke6
35.Ke2 h5
36.Rc1c4 Nb4d5
37.Rc4c6 Ke5
38.Nb6xd5 Kxd5
39.Rc6c2 g5
40.Rc2c8 Bf6e5
41.Kd3 h4
42.Rc8a8 Kc6
43.b4 Kb7
44.Ra8a4 Be5f4
45.b5 e5
46.Ra4xf4 exf4
47.Ke4 Kb6
48.Kf5 Kxb5
49.Kxg5 Kc6
50.Kxh4 Kd7
51.Kg5 Ke7
52.Kxf4 Kf7
53.Kf5 Kg7
54.g4 Kf7
55.g5 Kg7
56.g6 Kf8
57.Kf6 { abandon }1-0

[Event "Transval 3"]
[Site "www.echecsemail.com"]
[Date "2026.01.24"]
[Round "1"]
[White "Woluwe1975"]
[Black "Patau"]
[WhiteElo "1640"]
[BlackElo "1720"]
[Result "1-0"]
1.Ng1f3 Ng8f6
2.g3 d5
3.Bf1g2 c5
4.O-O Nb8c6
5.d4 cxd4
6.Nf3xd4 e5
7.Nd4xc6 bxc6
8.c4 Bc8e6
9.Nb1c3 Bf8c5
10.cxd5 Nf6xd5
11.Nc3xd5 Be6xd5
12.e4 Bd5c4
13.Rf1e1 Qd8xd1
14.Re1xd1 O-O
15.b3 Bc4e6
16.Bc1b2 f6
17.Ra1c1 Bc5b6
18.Rc1xc6 Be6g4
19.Rd1d2 Rf8d8
20.Rc6c2 Rd8xd2
21.Rc2xd2 Ra8d8
22.Rd2xd8 Bb6xd8
23.h3 Bg4e2
24.g4 Bd8b6
25.Bg2f1 Be2d1
26.Kg2 Bb6d4
27.Bb2a3 Bd1c2
28.Bf1c4 Kh8
29.f3 Bc2b1
30.b4 g6
31.Ba3c1 Bd4c3
32.a3 Bb1c2
33.b5 Kg7
34.Bc4d5 Bc2d3
35.Bd5c6 Bc3d4
36.Kg3 a6
37.bxa6 Bd3xa6
38.a4 Bd4b6
39.f4 exf4
40.Kxf4 Ba6f1
41.Kg3 h5
42.gxh5 gxh5
43.h4 Bb6c7
44.Bc1f4 Bc7xf4
45.Kxf4 Kf7
46.a5 Bf1c4
47.Bc6d5 { abandon }1-0

[Event "Transval 3"]
[Site "www.echecsemail.com"]
[Date "2026.01.24"]
[Round "1"]
[White "Patau"]
[Black "Woluwe1975"]
[WhiteElo "1720"]
[BlackElo "1640"]
[Result "1-0"]
1.e4 e5
2.Ng1f3 f5
3.Nf3xe5 Ng8f6
4.Bf1c4 d5
5.exd5 Bf8d6
6.d4 O-O
7.O-O Qd8e8
8.Rf1e1 Qe8d8
9.Bc1g5 Nb8d7
10.Nb1c3 Rf8e8
11.Qd1f3 Nd7b6
12.Bc4d3 a6
13.Bd3xf5 Bc8xf5
14.Qf3xf5 Re8f8
15.Qf5h3 Nb6d7
16.Ne5xd7 Rf8f7
17.Nd7xf6 gxf6
18.Bg5h6 f5
19.Re1e6 Qd8d7
20.Ra1e1 b5
21.f4 Bd6b4
22.Qh3g3 Kh8
23.Qg3e3 Bb4f8
24.Qe3e5 Bf8g7
25.Bh6xg7 Kg8
26.Re6e8 Ra8xe8
27.Qe5xe8 Qd7xe8
28.Re1xe8 Kxg7
29.Re8e6 Rf7f6
30.Re6xf6 Kxf6
31.Kf2 Ke7
32.Kf3 Kf6
33.b4 h6
34.g4 Kg6
35.h4 fxg4
36.Kxg4 h5
37.Kf3 Kf5
38.a4 bxa4
39.Nc3xa4 { abandon }1-0

[Event "Tournoi n27394"]
[Site "www.echecsemail.com"]
[Date "2026.01.24"]
[Round "1"]
[White "Jipepe"]
[Black "Tiounet"]
[WhiteElo "1430"]
[BlackElo "1660"]
[Result "1-0"]
1.e4 a6
2.d4 b5
3.Ng1f3 Bc8b7
4.d5 Ng8f6
5.Bf1d3 g6
6.O-O Bf8g7
7.Nb1d2 O-O
8.c4 bxc4
9.Bd3xc4 d6
10.Qd1b3 Qd8c8
11.e5 dxe5
12.Nf3xe5 Nf6h5
13.Nd2f3 a5
14.Ne5c6 Nb8xc6
15.dxc6 Bb7xc6
16.Nf3g5 e6
17.Ng5xe6 Rf8e8
18.Ne6g5 Qc8g4
19.Bc4xf7 Kh8
20.Qb3h3 Qg4xg5
21.Bc1xg5 Re8f8
22.Bf7c4 Ra8b8
23.Ra1e1 Nh5f4
24.Bg5xf4 Rf8xf4
25.Re1e7 Rf4xc4
26.Re7xc7 Bc6b5
27.Rc7xc4 Bb5xc4
28.Rf1c1 Bc4xa2
29.Rc1c8 { abandon }1-0

[Event "Memorial Lara CIII"]
[Site "www.echecsemail.com"]
[Date "2026.01.24"]
[Round "1"]
[White "Karkaskat"]
[Black "Leredoutable"]
[WhiteElo "2100"]
[BlackElo "1760"]
[Result "0-1"]
1.d4 d5
2.Bc1f4 Nb8c6
3.e3 Bc8f5
4.c3 Ng8f6
5.Nb1d2 e6
6.h3 Bf8e7
7.Ng1f3 O-O
8.g4 Bf5g6
9.Nf3h4 Nf6e4
10.Nh4xg6 hxg6
11.Nd2xe4 dxe4
12.Bf1g2 f5
13.gxf5 gxf5
14.Qd1h5 Be7h4
15.Bf4g3 Bh4xg3
16.fxg3 Qd8f6
17.Rh1f1 Nc6a5
18.g4 Qf6h6
19.Qh5xh6 gxh6
20.b3 Na5c6
21.Ra1d1 Ra8d8
22.c4 b6
23.gxf5 exf5
24.Rf1g1 Kh7
25.Kf2 Nc6b4
26.Rd1d2 Nb4d3
27.Rd2xd3 exd3
28.Rg1d1 f4
29.Rd1xd3 fxe3
30.Kxe3 h5
31.d5 Kh6
32.Rd3d4 Rd8e8
33.Rd4e4 Re8d8
34.Re4e6 Kg5
35.Re6e5 Kh4
36.Re5e4 Kg3
37.Re4e7 Rd8e8
{ abandon }0-1

[Event "Coupe Niveau 5"]
[Site "www.echecsemail.com"]
[Date "2026.01.24"]
[Round "1"]
[White "Guig47"]
[Black "Breitenbach"]
[WhiteElo "2210"]
[BlackElo "2240"]
[Result "0-1"]
1.e4 c6
2.d4 d5
3.Nb1c3 dxe4
4.Nc3xe4 Bc8f5
5.Ne4g3 Bf5g6
6.Ng1f3 Nb8d7
7.h4 h6
8.Bf1d3 Bg6xd3
9.Qd1xd3 Qd8c7
10.Bc1d2 Ng8f6
11.O-O-O e6
12.Rh1e1 O-O-O
13.c4 c5
14.Qd3e3 cxd4
15.Nf3xd4 Qc7xc4
16.Kb1 Kb8
17.Rd1c1 Qc4d5
18.Qe3c3 Bf8d6
19.a4 Rd8c8
20.Qc3e3 Rc8xc1
21.Re1xc1 Rh8c8
22.Rc1xc8 Kxc8
23.Nd4b5 Bd6c5
24.Qe3c3 Kb8
25.b4 Bc5b6
26.f3 a6
27.Nb5a3 Qd5d4
28.Qc3xd4 Bb6xd4
29.Na3c2 Bd4f2
30.Bd2e1 Bf2xe1
31.Nc2xe1 Nf6d5
32.Ne1d3 Nd5c3
33.Kc2 Nc3xa4
34.Ng3e4 Kc7
35.Kb3 Na4b6
36.g4 Nb6d5
37.g5 b6
38.gxh6 gxh6
39.Ne4f2 f5
40.Nf2h3 Kd6
41.Nh3f4 Nd5xf4
42.Nd3xf4 Nd7e5
{ abandon }0-1

[Event "Michael Tal 29"]
[Site "www.echecsemail.com"]
[Date "2026.01.24"]
[Round "1"]
[White "Skalfa"]
[Black "Leredoutable"]
[WhiteElo "1850"]
[BlackElo "1730"]
[Result "1-0"]
1.e4 e5
2.Ng1f3 d6
3.h3 f5
4.Nb1c3 Ng8f6
5.exf5 Bc8xf5
6.d3 Bf8e7
7.Bf1e2 O-O
8.O-O Nb8d7
9.a3 c6
10.Nf3h4 Bf5e6
11.Nc3e4 d5
12.Ne4g3 d4
13.Nh4f5 Rf8f7
14.Nf5xe7 Qd8xe7
15.Bc1g5 Ra8c8
16.Ng3h5 c5
17.f4 Qe7d6
18.fxe5 Qd6xe5
19.Qd1d2 Rc8f8
20.Rf1f3 Nf6xh5
21.Rf3xf7 Be6xf7
22.Ra1e1 Qe5g3
23.Be2f3 Bf7g6
24.Bf3xb7 Bg6f5
25.Re1f1 Bf5xh3
26.Bb7d5 Kh8
27.Rf1xf8 Nd7xf8
28.Bg5e7 Nf8g6
29.Be7xc5 Nh5f4
30.Bd5e4 Ng6h4
31.Bc5xd4 Nh4xg2
32.Bd4f2 Qg3g5
33.Kf1 Ng2e3
34.Ke1 Nf4g2
35.Be4xg2 Ne3xg2
36.Kd1 Bh3g4
37.Kc1 Qg5xd2
38.Kxd2 h5
39.Bf2xa7 h4
40.Ba7b8 h3
41.b4 Ng2h4
42.c4 Nh4f3
43.Ke3 Nf3e1
44.Kd2 Ne1g2
45.b5 Bg4f3
46.b6 Ng2h4
47.a4 Nh4f5
48.a5 Bf3b7
49.Kc3 Nf5e7
50.Bb8e5 Ne7c6
51.Be5g3 Nc6xa5
52.Kb4 Na5c6
53.Kb5 Nc6d4
54.Kc5 Nd4e2
55.Bg3e5 Kh7
56.d4 Kh6
57.d5 g5
58.d6 Bb7c8
59.Kc6 Ne2f4
60.d7 h2
61.dxc8Q h1Q
62.Kd7 Qh1d1
63.Kc6 Qd1a4
64.Kb7 Qa4b4
65.c5 Qb4e4
66.c6 Qe4xe5
67.c7 Qe5e4
68.Kb8 Nf4g6
69.Qc8h3 Kg7
70.c8Q Qe4e5
71.Qc8c7 { abandon }1-0

[Event "Défi( 10J+24H/c 10J Max )"]
[Site "www.echecsemail.com"]
[Date "2026.01.24"]
[Round "1"]
[White "Patau"]
[Black "Vb83"]
[WhiteElo "1700"]
[BlackElo "1440"]
[Result "0-1"]
1.e4 c5
2.Ng1f3 Nb8c6
3.g3 e5
4.Bf1h3 Ng8f6
5.Nb1c3 a6
6.O-O Bf8e7
7.d3 O-O
8.Nc3d5 Nf6xd5
9.exd5 Nc6d4
10.Bc1e3 Nd4xf3
11.Qd1xf3 d6
12.Bh3xc8 Qd8xc8
13.Kg2 b5
14.h3 Be7f6
15.c3 h6
16.Be3xh6 gxh6
17.Rf1e1 Bf6g7
18.Re1e4 f5
19.Re4h4 Qc8e8
20.Ra1e1 a5
21.Rh4f4 Qe8g6
22.Rf4h4 Ra8e8
23.Qf3h5 Qg6xh5
24.Rh4xh5 Kh7
25.g4 fxg4
26.hxg4 Rf8f4
27.f3 Bg7f6
28.Re1h1 Bf6g7
29.b3 Re8f8
30.Rh1f1 Kg6
31.Rh5h1 Kg5
32.Kg3 Rf8h8
33.Rh1h5 Kf6
34.Rh5f5 Rf4xf5
35.gxf5 Kxf5
36.c4 bxc4
37.dxc4 h5
38.f4 h4
39.Kf3 exf4
40.Rf1e1 Bg7e5
41.Re1h1 h3
42.a3 Be5d4
43.Rh1h2 Rh8e8
44.Rh2xh3 Re8e3
45.Kg2 Re3xh3
46.Kxh3 f3
47.Kg3 Ke4
{ abandon }0-1

[Event "Tournoi n27393"]
[Site "www.echecsemail.com"]
[Date "2026.01.24"]
[Round "1"]
[White "Desaintfegor"]
[Black "Verson"]
[WhiteElo "1810"]
[BlackElo "1870"]
[Result "1-0"]
1.d4 d5
2.c4 c6
3.cxd5 cxd5
4.Nb1c3 Ng8f6
5.e3 e6
6.Bf1b5 Nb8c6
7.Ng1f3 Bc8d7
8.O-O Bf8d6
9.Rf1e1 O-O
10.Bb5d3 e5
11.dxe5 Nc6xe5
12.Bd3b1 Bd7c6
13.e4 dxe4
14.Nc3xe4 Ne5xf3
15.gxf3 Bd6c7
16.Ne4g3 Qd8xd1
17.Re1xd1 Bc6xf3
18.Rd1e1 Rf8e8
19.Bc1e3 h6
20.Bb1d3 Ra8d8
21.Bd3e2 Bf3c6
22.Ra1c1 Re8e6
23.Be2f1 Rd8e8
24.Bf1g2 Bc6xg2
25.Kxg2 Bc7f4
26.Kf3 Bf4xe3
27.fxe3 Nf6d5
28.e4 Nd5f6
29.Rc1c7 Re6e7
30.Rc7c4 g6
31.a4 Nf6d5
32.Re1e2 Nd5f6
33.b4 Nf6d7
34.Kg2 Nd7f6
35.Kf3 Kg7
36.Kf4 g5
37.Kf3 Kg6
38.Ng3f5 Re7e5
39.Nf5d6 Re8e7
40.Nd6f5 Nf6xe4
41.Nf5xe7 Re5xe7
42.Rc4xe4 Re7d7
43.Re4e7 Rd7d3
44.Kf2 { abandon }1-0

[Event "Tournoi n27348"]
[Site "www.echecsemail.com"]
[Date "2026.01.24"]
[Round "1"]
[White "Verson"]
[Black "Leredoutable"]
[WhiteElo "1890"]
[BlackElo "1760"]
[Result "0-1"]
1.d4 d5
2.Ng1f3 Nb8c6
3.e3 Bc8f5
4.c3 Ng8f6
5.Bf1b5 e6
6.Qd1a4 Qd8d6
7.Nf3e5 Bf8e7
8.Ne5xc6 O-O
9.Nc6xe7 Qd6xe7
10.O-O c6
11.Bb5e2 Nf6e4
12.Be2f3 Ne4d6
13.Nb1d2 b5
14.Qa4d1 a5
15.Qd1e2 e5
16.dxe5 Qe7xe5
17.Nd2b3 Nd6b7
18.Nb3d4 Nb7c5
19.Nd4xf5 Qe5xf5
20.Rf1d1 Rf8e8
21.b3 Ra8d8
22.Bc1b2 Re8e6
23.c4 Re6g6
24.cxd5 cxd5
25.Ra1c1 Nc5e6
26.e4 Qf5g5
27.Rd1xd5 Ne6f4
28.Rd5xd8 Qg5xd8
29.Qe2xb5 h5
30.Qb5f5 Qd8h4
31.Rc1c8 Kh7
32.Bb2e5 Nf4h3
33.Kh1 Nh3xf2
34.Kg1 Nf2h3
{ abandon }0-1

[Event "ZGOUGOU"]
[Site "www.echecsemail.com"]
[Date "2026.01.24"]
[Round "1"]
[White "Legrillon"]
[Black "Mindthegap"]
[WhiteElo "1740"]
[BlackElo "1440"]
[Result "1-0"]
1.e4 e5
2.Ng1f3 Nb8c6
3.Nb1c3 Ng8f6
4.Bf1c4 Nf6xe4
5.d3 Ne4xc3
6.bxc3 Bf8c5
7.O-O O-O
8.Nf3g5 d5
9.Bc4b5 a6
10.Bb5xc6 bxc6
11.d4 Bc5e7
12.Ng5f3 Bc8g4
13.dxe5 Rf8e8
14.h3 Bg4h5
15.Qd1d3 Ra8b8
16.Nf3h2 Bh5g6
17.Qd3d2 Be7g5
18.Qd2xg5 f6
19.exf6 Kh8
20.fxg7 Kxg7
21.Qg5h6 { abandon }1-0

[Event "Tournoi n27319"]
[Site "www.echecsemail.com"]
[Date "2026.01.24"]
[Round "1"]
[White "Legrillon"]
[Black "Mandrak"]
[WhiteElo "1690"]
[BlackElo "1580"]
[Result "1-0"]
1.e4 d6
2.d4 e6
3.Bf1e2 g6
4.Ng1f3 b6
5.O-O Bc8b7
6.Nb1c3 Bf8g7
7.Bc1e3 Ng8f6
8.Be2d3 Qd8e7
9.Be3g5 h6
10.Bg5xf6 Qe7xf6
11.Qd1e2 Qf6e7
12.Rf1e1 Nb8d7
13.Nc3b5 Qe7d8
14.c3 c6
15.Nb5xd6 Ke7
16.Nd6xb7 Qd8b8
17.Nb7d6 Qb8xd6
18.e5 Qd6b8
19.Qe2c2 f5
20.b4 b5
21.a4 a5
22.Nf3h4 Kf7
23.Bd3e2 Bg7f8
24.axb5 cxb5
25.Re1b1 a4
26.Ra1a3 Nd7b6
27.h3 Qb8c7
28.Rb1c1 Nb6c4
29.Be2xc4 Qc7xc4
30.Qc2d2 Bf8e7
31.Nh4f3 Rh8h7
32.Qd2e3 Ra8h8
33.Nf3d2 Qc4c7
34.Rc1b1 Qc7c6
35.Qe3d3 g5
36.c4 bxc4
37.Nd2xc4 Qc6b5
38.Qd3c3 Kg6
39.Nc4d6 Be7xd6
40.exd6 Rh7a7
41.Qc3c5 Qb5d7
42.b5 Ra7a5
43.Qc5c6 Rh8d8
44.Qc6b6 Ra5a7
45.Rb1b4 Qd7xd6
46.Qb6xa7 Qd6xb4
47.Ra3xa4 Qb4xb5
48.Ra4a6 Qb5d5
49.Ra6a4 f4
50.Qa7e7 Qd5d7
51.Qe7b4 Kf6
52.f3 h5
53.Kh2 h4
54.Qb4a3 Qd7e7
55.Qa3c3 Rd8d5
56.Ra4c4 e5
57.Rc4c6 Kf5
58.Rc6c7 Qe7e6
59.Qc3d3 Kf6
60.Qd3h7 exd4
61.Qh7g7 Kf5
62.Rc7f7 Qe6f6
63.Qg7xf6 1-0

[Event "Défi"]
[Site "www.echecsemail.com"]
[Date "2026.01.24"]
[Round "1"]
[White "Speedyfil"]
[Black "Vvvv"]
[WhiteElo "1440"]
[BlackElo "1680"]
[Result "0-1"]
1.d4 g6
2.Bc1f4 Bf8g7
3.Ng1f3 d6
4.e3 a6
5.Bf1d3 Nb8d7
6.c4 e5
7.dxe5 dxe5
8.Nf3xe5 Nd7xe5
9.Qd1a4 Bc8d7
10.Qa4b3 Ne5xd3
11.Qb3xd3 Bg7xb2
12.Qd3e4 Kf8
13.Bf4e5 Bb2xa1
14.Be5xa1 Ng8f6
15.Qe4xb7 Ra8b8
16.Ba1xf6 Rb8xb7
{ abandon }0-1

[Event "Défi"]
[Site "www.echecsemail.com"]
[Date "2026.01.24"]
[Round "1"]
[White "Vvvv"]
[Black "Den"]
[WhiteElo "1680"]
[BlackElo "1890"]
[Result "0-1"]
1.e4 e5
2.Ng1f3 d6
3.Bf1e2 Ng8f6
4.Nb1c3 Nb8c6
5.h3 Bf8e7
6.Be2b5 Bc8d7
7.d3 a6
8.Bb5xc6 Bd7xc6
9.O-O O-O
10.Rf1e1 Nf6e8
11.b3 f5
12.Nc3d5 Bc6d7
13.Bc1e3 f4
14.Be3d2 Be7g5
15.c4 Bg5h6
16.Qd1c1 c6
17.Nd5b4 Ne8f6
18.g4 Qd8e8
19.Kh2 Nf6xg4
20.hxg4 Bd7xg4
21.Nf3h4 Qe8h5
22.Kg2 Qh5xh4
23.f3 Qh4g3
{ abandon }0-1

[Event "Tournoi n27402"]
[Site "www.echecsemail.com"]
[Date "2026.01.24"]
[Round "1"]
[White "Wenoketo"]
[Black "Pioupiou22"]
[WhiteElo "1700"]
[BlackElo "1730"]
[Result "0-1"]
1.d4 Ng8f6
2.Ng1f3 b5
3.Bc1f4 Bc8b7
4.e3 c6
5.Bf1e2 d5
6.h3 e6
7.Nb1d2 Bf8d6
8.Bf4xd6 Qd8xd6
9.O-O O-O
10.c3 Nb8d7
11.Ra1c1 a5
12.b3 b4
13.c4 Bb7a6
14.c5 Qd6b8
15.Be2xa6 Ra8xa6
16.Rf1e1 Qb8b5
17.Qd1e2 Qb5b7
18.Nf3h2 h6
19.Nh2g4 Nf6xg4
20.Qe2xg4 Nd7f6
21.Qg4e2 a4
22.Rc1a1 Rf8a8
23.bxa4 Ra6xa4
24.Nd2b3 Nf6e4
25.Qe2b2 Ne4c3
26.Nb3c1 Ra8a5
27.a3 Nc3b5
28.Nc1b3 Ra5a6
29.axb4 Ra4xb4
30.Ra1xa6 Qb7xa6
31.Qb2c2 Qa6a4
32.Re1a1 Nb5a3
{ abandon }0-1

[Event "Défi"]
[Site "www.echecsemail.com"]
[Date "2026.01.24"]
[Round "1"]
[White "Leredoutable"]
[Black "Herakles"]
[WhiteElo "1760"]
[BlackElo "2060"]
[Result "0-1"]
1.e4 c5
2.f4 e6
3.Ng1f3 Nb8c6
4.Bf1c4 d6
5.d4 cxd4
6.Nf3xd4 Ng8f6
7.Nb1c3 a6
8.a3 Qd8c7
9.O-O Bf8e7
10.f5 Nc6xd4
11.Qd1xd4 d5
12.exd5 Be7c5
13.Qd4xc5 Qc7xc5
14.Bc1e3 Qc5xe3
15.Kh1 Qe3c5
16.Bc4d3 O-O
17.dxe6 fxe6
18.Rf1f3 exf5
19.Ra1f1 Bc8d7
20.Nc3e2 Bd7c6
21.Rf3xf5 Qc5b6
22.b3 Qb6e3
23.Bd3c4 Bc6d5
24.Bc4xd5 Nf6xd5
25.Ne2g3 Rf8xf5
26.Ng3xf5 Qe3e2
27.Nf5g3 Qe2xc2
{ abandon }0-1